1826 1216 1093 1952 1463 1013 1939 1147 1238 1578 1756 1321 1328 1498 1629 1831 1831 1433 1268 1029 1407 1138 1573 1957 1428 1891 1190 1920 1811 1038 1824 1895 1916 1578 1712 1916 1650 1465 1341 1033 1957 1953 1136 1666 1288 1388 1574 1766 1610 1674 1951 1441 1643 1824 1327 1753 1783 1430 1577 1867 1800 1977 1537 1863 1085 1467 1125 1638 1814 1753 1319 1425 1210 1020 1952 1652 1142 1125 1371 1825 1524 1493 1200 1418 1592 1156 1676 1012 1438 1674 1922 1141 1955 1744 1255 1783 1861 1429 1405 BCNSPRNW ULIB Ver.6.0+V

เปลี่ยนเป็นภาษาไทย

Change to English
 แสดงรายละเอียดบรรณานุกรม
  กลับหน้าหลัก

Brief Record : Get Marc (ISO 2709) : E-mail record : QR code < ปิดหน้าต่าง
LEADER : 00000nam 2200000uu 4500
001    13399122280
003     ULIB
008    130124s2554||||th 000 0 tha d
099    ^aวพ.WY19.5^bส838ค
100 0  ^aสุภาเพ็ญ ปาณะวัฒนพิสุทธิ์
245 00 ^aความพึงพอใจในการบริหารหลักสูตรพยาบาลศาสตร์บัณฑิต พุทธศักราช 2554/^cสุภาเพ็ญ ปาณะวัฒนพิสุทธิ์, ปริทรรศน์ วันจันทร์ และศิริพร แก้วกุลพัฒน์
260    ^a นครสวรรค์ :^bวิทยาลัยพยาบาลบรมราชชนนี สวรรค์ประชารักษ์ นครสวรรค์,^c2554
300    ^a 73 หน้า :^bตาราง
500    ^a รายงานการวิจัย
650  7 ^aหลักสูตรพยาบาลศาสตร์ พ.ศ.2554^xวิจัย
700    ^a ปริทรรศน์ วันจันทร์^eผู้ร่วมวิจัย
700    ^a ศิริพร แก้วกุลพัฒน์^eผู้ร่วมวิจัย
710 2  ^aวิทยาลัยพยาบาลบรมราชชนนี สวรรค์ประชารักษ์ นครสวรรค์
945    ^p0^l0^i033410
945    ^p0^l0^i033411
995    ^a เกษร
999    ^aใช้งานได้ทุกระบบ
รายการนี้ยังไม่มีแท็ก
คุณยังไม่ได้ล็อกอิน คุณสามารถมีกิจกรรมร่วมกับเว็บไซต์ได้ แต่ต้องล็อกอินก่อน ::
  ล็อกอิน

รายการสื่อสารสนเทศ

ลำดับที่ ประเภท เลขเรียก/บาร์โค้ด สถานที่ สถานะ
1. งานวิจัย
งานวิจัย
วพ.WY19.5 ส838ค ฉ.1 
  Barcode: 033410
ห้องสมุดวิทยาเขตสวรรค์ประชารักษ์
►วิจัย
บนชั้น
2. งานวิจัย
งานวิจัย
วพ.WY19.5 ส838ค ฉ.2 
  Barcode: 033411
ห้องสมุดวิทยาเขตสวรรค์ประชารักษ์
►วิจัย
บนชั้น

รายการใกล้เคียง
    ผู้แต่ง [สุภาเพ็ญ ปาณะวัฒนพิสุทธิ์]

BibComment


ยังไม่เคยถูกคอมเมนท์

คอมเมนท์ทรัพยากรรายการนี้
  คอมเมนท์: ความพึงพอใจในการ..


 Copyright 2026. Bcnsprnw @Library